[Event "Washington Eastern op 33rd"]
[Site "Washington DC"]
[Date "2006.12.30"]
[Round "8"]
[White "Caruana, Fabiano"]
[Black "Zimmer, Ralph"]
[Result "1-0"]
[WhiteElo "2474"]
[BlackElo "2236"]
[PlyCount "115"]
[EventDate "2006.12.27"]
[EventType "swiss"]
[EventRounds "8"]
[EventCountry "USA"]
[SourceTitle "CBM 115 Extra"]
[Source "ChessBase"]
[SourceDate "2007.01.10"]
[SourceVersion "1"]
[SourceVersionDate "2007.01.10"]
[SourceQuality "1"]

1. e4 c5 2. Nf3 e6 3. d4 cxd4 4. Nxd4 Nf6 5. Nc3 Nc6 6. Nxc6 bxc6 7. e5 Nd5 8.
Ne4 Qa5+ 9. c3 Qc7 10. f4 Qb6 11. c4 Bb4+ 12. Ke2 Ba6 13. Kf3 f5 14. Nf2 Ne7
15. Be3 Bc5 16. Bxc5 Qxc5 17. Qd6 Qa5 18. Be2 Rd8 19. Rhd1 Nc8 20. Qd3 c5 21.
Qe3 Ne7 22. a3 Qc7 23. Kg3 g5 24. Rd6 Ng6 25. Nh3 gxf4+ 26. Nxf4 Bb7 27. Nxg6
Rg8 28. Qg5 hxg6 29. Bh5 f4+ 30. Kf2 Be4 31. Rad1 Rb8 32. R1d2 Rb6 33. Kg1 Qb7
34. Bg4 Rxd6 35. exd6 Rg7 36. Rf2 Qb3 37. Qxf4 Bf5 38. Qe5 Kf7 39. Be2 Kg8 40.
g4 Bb1 41. Qxc5 Be4 42. Qd4 Bc6 43. Qc3 Qb8 44. c5 Rf7 45. Rxf7 Kxf7 46. Bf3
Bxf3 47. Qxf3+ Kg7 48. Qc3+ Kh7 49. b4 Qb5 50. c6 dxc6 51. Qd2 Qc4 52. h3 Qe4
53. d7 Qe5 54. d8=Q Qg3+ 55. Kf1 Qf3+ 56. Qf2 Qh1+ 57. Ke2 Qe4+ 58. Kd2 1-0

[Event "Gibraltar Masters"]
[Site "Gibraltar"]
[Date "2007.01.26"]
[Round "4"]
[White "Caruana, Fabiano"]
[Black "Dworakowska, Joanna"]
[Result "1-0"]
[WhiteElo "2492"]
[BlackElo "2376"]
[PlyCount "67"]
[EventDate "2007.01.23"]
[EventType "swiss"]
[EventRounds "9"]
[EventCountry "ENG"]
[SourceTitle "CBM 116 Extra"]
[Source "ChessBase"]
[SourceDate "2007.03.07"]
[SourceVersion "1"]
[SourceVersionDate "2007.03.07"]
[SourceQuality "1"]

1. e4 c5 2. Nf3 d6 3. d4 cxd4 4. Nxd4 Nf6 5. Nc3 a6 6. Bg5 e6 7. f4 Nbd7 8. Qf3
Qc7 9. O-O-O b5 10. Bd3 Bb7 11. Rhe1 Qb6 12. Nd5 Qxd4 13. Bxf6 gxf6 14. Bxb5
Qc5 15. Nxf6+ Kd8 16. Nxd7 Qxb5 17. Nxf8 Rxf8 18. Qa3 Rc8 19. Qxd6+ Ke8 20. Re3
Qc6 21. Qd2 Ke7 22. Qb4+ Kf6 23. c3 Qc5 24. e5+ Kf5 25. g4+ Kg6 26. f5+ Kg7 27.
Qf4 Kh8 28. Qh6 Bg2 29. Rd2 Qb5 30. b3 Rg8 31. Kb2 Qf1 32. Qf6+ Rg7 33. Red3
Bd5 34. fxe6 1-0

[Event "Budapest FS03 GM"]
[Site "Budapest"]
[Date "2007.03.03"]
[Round "1"]
[White "Caruana, Fabiano"]
[Black "Hoang, Thanh Trang"]
[Result "0-1"]
[WhiteElo "2492"]
[BlackElo "2470"]
[PlyCount "134"]
[EventDate "2007.03.03"]
[EventType "tourn"]
[EventRounds "11"]
[EventCountry "HUN"]
[EventCategory "8"]
[SourceTitle "CBM 117 Extra"]
[Source "ChessBase"]
[SourceDate "2007.05.09"]
[SourceVersion "1"]
[SourceVersionDate "2007.05.09"]
[SourceQuality "1"]

1. e4 b6 2. d4 Bb7 3. Bd3 Nf6 4. Qe2 Nc6 5. c3 e5 6. Nf3 d6 7. O-O Be7 8. d5
Nb8 9. a4 O-O 10. a5 bxa5 11. c4 Na6 12. Bd2 Nc5 13. Bc2 a4 14. Bb4 Nfd7 15.
Nc3 c6 16. Nxa4 Na6 17. Bc3 c5 18. Qd2 Rb8 19. b3 Nb4 20. Nb2 a5 21. Nd1 Nb6
22. Ne3 g6 23. g3 Bf6 24. Ne1 Bg7 25. f4 Nd7 26. Bd1 Bc8 27. N1g2 exf4 28. Bxg7
Kxg7 29. gxf4 Re8 30. Bf3 Kg8 31. Rae1 Nf6 32. Nd1 Bg4 33. Bxg4 Nxg4 34. Nc3
Na6 35. Qd1 Nf6 36. e5 Nh5 37. Nb5 dxe5 38. fxe5 Qg5 39. Qf3 Rf8 40. Re4 Rbe8
41. Qe2 Re7 42. d6 Re6 43. Nc3 Nb4 44. Nd5 Nc6 45. Re1 Nd4 46. Qe3 Qxe3+ 47.
R1xe3 f6 48. exf6 Rxd6 49. Re7 Nxf6 50. Rc7 Nxd5 51. cxd5 Rxd5 52. Ree7 Nf3+
53. Kf2 Rh5 54. Kg3 Rg5+ 55. Kh3 Ng1+ 56. Kh4 Rh5+ 57. Kg4 Nh3 58. Kg3 Rg5+ 59.
Kxh3 Rf3+ 60. Kh4 Rxg2 61. Rg7+ Kf8 62. Rxh7 Rxh2+ 63. Kg4 Rxh7 64. Rxh7 Rxb3
65. Kg5 Rb6 66. Ra7 Rc6 67. Rxa5 c4 0-1

[Event "Budapest FS03 GM"]
[Site "Budapest"]
[Date "2007.03.04"]
[Round "2"]
[White "Varga, Csaba"]
[Black "Caruana, Fabiano"]
[Result "0-1"]
[WhiteElo "2342"]
[BlackElo "2492"]
[PlyCount "94"]
[EventDate "2007.03.03"]
[EventType "tourn"]
[EventRounds "11"]
[EventCountry "HUN"]
[EventCategory "8"]
[SourceTitle "CBM 117 Extra"]
[Source "ChessBase"]
[SourceDate "2007.05.09"]
[SourceVersion "1"]
[SourceVersionDate "2007.05.09"]
[SourceQuality "1"]

1. d4 Nf6 2. c4 e6 3. Nc3 Bb4 4. Qc2 c5 5. dxc5 O-O 6. a3 Bxc5 7. Nf3 b6 8. e3
Bb7 9. Bd3 Be7 10. Qe2 d6 11. O-O Nbd7 12. b4 Rc8 13. Bb2 Qc7 14. Rac1 Qb8 15.
h3 Qa8 16. e4 Rfd8 17. Qe3 Nf8 18. Nd4 N6d7 19. f4 Bf6 20. Rc2 Ng6 21. Nf3 Ba6
22. Nd2 Qb8 23. a4 Bb7 24. Nb3 Ba8 25. Ba3 Re8 26. Ne2 Bc6 27. b5 Ba8 28. Rd2
Be7 29. Ng3 e5 30. f5 Nf4 31. f6 Nxf6 32. Rdf2 Nd7 33. Nf5 Bf8 34. Kh2 g6 35.
Nh4 Be7 36. g3 Bxh4 37. gxh4 Qc7 38. h5 Nf8 39. Rxf4 exf4 40. Qxf4 Ne6 41. Qg3
Nc5 42. Nd2 Nxd3 43. Bxd6 Qd7 44. Qxd3 Re6 45. e5 Rxe5 46. h6 Re6 47. c5 Rxc5
0-1

[Event "Budapest FS03 GM"]
[Site "Budapest"]
[Date "2007.03.11"]
[Round "8"]
[White "Caruana, Fabiano"]
[Black "Potapov, Pavel"]
[Result "1-0"]
[WhiteElo "2492"]
[BlackElo "2380"]
[PlyCount "99"]
[EventDate "2007.03.03"]
[EventType "tourn"]
[EventRounds "11"]
[EventCountry "HUN"]
[EventCategory "8"]
[SourceTitle "CBM 117 Extra"]
[Source "ChessBase"]
[SourceDate "2007.05.09"]
[SourceVersion "1"]
[SourceVersionDate "2007.05.09"]
[SourceQuality "1"]

1. e4 c5 2. Nf3 Nc6 3. d4 cxd4 4. Nxd4 e5 5. Nb5 d6 6. N1c3 a6 7. Na3 Be7 8.
Nc4 Nf6 9. Bg5 Nd4 10. Bxf6 Bxf6 11. Nd5 Rb8 12. c3 b5 13. Ncb6 Ne6 14. Nxc8
Rxc8 15. a4 Rb8 16. axb5 axb5 17. Ra6 Be7 18. Ra7 Bg5 19. Bxb5+ Kf8 20. Qf3 Bf6
21. Qe2 h5 22. O-O Rh6 23. Rfa1 Kg8 24. Rd7 Qf8 25. Raa7 Ra8 26. Rxf7 Qb8 27.
Rxa8 Qxa8 28. Rd7 Qa1+ 29. Qf1 Qxb2 30. Bc4 Kh7 31. Nxf6+ Rxf6 32. Rxd6 Nc5 33.
Rxf6 gxf6 34. Qd1 Kg6 35. Qf3 Qb1+ 36. Bf1 Kg7 37. Qxh5 Nxe4 38. Qg4+ Kf8 39.
Qc8+ Ke7 40. Qc7+ Kf8 41. Qd8+ Kg7 42. Qd7+ Kf8 43. Qd8+ Kg7 44. f3 Ng5 45.
Qd7+ Nf7 46. Qg4+ Kf8 47. Qb4+ Qxb4 48. cxb4 Ke7 49. Kf2 Kd6 50. Bc4 1-0

[Event "Budapest FS04 GM"]
[Site "Budapest"]
[Date "2007.04.07"]
[Round "1"]
[White "Caruana, Fabiano"]
[Black "Vajda, Levente"]
[Result "0-1"]
[WhiteElo "2523"]
[BlackElo "2559"]
[PlyCount "94"]
[EventDate "2007.04.07"]
[EventType "tourn"]
[EventRounds "9"]
[EventCountry "HUN"]
[EventCategory "9"]
[SourceTitle "CBM 117 Extra"]
[Source "ChessBase"]
[SourceDate "2007.05.09"]
[SourceVersion "1"]
[SourceVersionDate "2007.05.09"]
[SourceQuality "1"]

1. e4 e5 2. Nf3 Nc6 3. Bb5 a6 4. Ba4 Nf6 5. O-O Be7 6. Re1 b5 7. Bb3 O-O 8. h3
Bb7 9. d3 Re8 10. Ng5 Rf8 11. Nf3 Re8 12. c3 Bf8 13. Nbd2 h6 14. Nf1 d5 15.
exd5 Nxd5 16. Ng3 Qd7 17. Ne4 Kh8 18. a3 Rad8 19. Bd2 f5 20. Ng3 Nf6 21. Bc2 g6
22. Re2 Kh7 23. Qe1 Bd6 24. Rd1 Re7 25. Bc1 Qe8 26. h4 Bc8 27. b4 Qf8 28. Bb2
Rde8 29. Bb1 Be6 30. Nd2 e4 31. h5 g5 32. dxe4 Bxg3 33. fxg3 Bc4 34. Nxc4 bxc4
35. Qf1 Nxh5 36. Re3 f4 37. gxf4 gxf4 38. Rh3 Ng3 39. e5+ Kh8 40. Qxc4 Nxe5 41.
Qxa6 Re6 42. Qa7 Rd6 43. Rxd6 Qxd6 44. Bc2 Ng4 45. c4+ Kg8 46. Bc3 Qe7 47. Rxg3
Qe1+ 0-1

[Event "Budapest FS04 GM"]
[Site "Budapest"]
[Date "2007.04.09"]
[Round "3"]
[White "Caruana, Fabiano"]
[Black "Rombaldoni, Denis"]
[Result "0-1"]
[WhiteElo "2523"]
[BlackElo "2368"]
[PlyCount "118"]
[EventDate "2007.04.07"]
[EventType "tourn"]
[EventRounds "9"]
[EventCountry "HUN"]
[EventCategory "9"]
[SourceTitle "CBM 117 Extra"]
[Source "ChessBase"]
[SourceDate "2007.05.09"]
[SourceVersion "1"]
[SourceVersionDate "2007.05.09"]
[SourceQuality "1"]

1. e4 c6 2. d4 d5 3. Nd2 dxe4 4. Nxe4 Bf5 5. Ng3 Bg6 6. Nf3 Nd7 7. h4 h6 8. h5
Bh7 9. Bd3 Bxd3 10. Qxd3 e6 11. Bf4 Qa5+ 12. Bd2 Bb4 13. Ne4 Ngf6 14. Nd6+ Ke7
15. Nc4 Bxd2+ 16. Nfxd2 Qc7 17. Ne4 Nxe4 18. Qxe4 Nf6 19. Qe5 Nd5 20. O-O-O
Qxe5 21. dxe5 Rhd8 22. Nd6 b6 23. g3 Nc7 24. f4 Nb5 25. Nxb5 cxb5 26. c3 f6 27.
exf6+ gxf6 28. Kc2 Rxd1 29. Kxd1 Rg8 30. Rg1 e5 31. fxe5 fxe5 32. Ke2 Kf6 33.
Kf3 Kg5 34. Ke4 Kxh5 35. Kxe5 Re8+ 36. Kf4 Rf8+ 37. Ke3 Kg4 38. Ke2 h5 39. Rd1
Kxg3 40. Rg1+ Kh2 41. Rg7 a5 42. Rg5 h4 43. Rxb5 Rf6 44. Rg5 h3 45. a4 Re6+ 46.
Kf2 Rc6 47. Rg4 Rc5 48. Ke2 b5 49. Kd3 Rc4 50. Rg5 Rxa4 51. Rxb5 Kg3 52. Rg5+
Kh4 53. Rg8 h2 54. c4 Ra1 55. c5 h1=Q 56. Rh8+ Kg5 57. Rxh1 Rxh1 58. Kc4 Kf6
59. Kb5 Rb1 0-1

[Event "Budapest FS04 GM"]
[Site "Budapest"]
[Date "2007.04.10"]
[Round "4"]
[White "Kosic, Dragan"]
[Black "Caruana, Fabiano"]
[Result "0-1"]
[WhiteElo "2507"]
[BlackElo "2523"]
[PlyCount "142"]
[EventDate "2007.04.07"]
[EventType "tourn"]
[EventRounds "9"]
[EventCountry "HUN"]
[EventCategory "9"]
[SourceTitle "CBM 117 Extra"]
[Source "ChessBase"]
[SourceDate "2007.05.09"]
[SourceVersion "1"]
[SourceVersionDate "2007.05.09"]
[SourceQuality "1"]

1. d4 Nf6 2. Nf3 e6 3. Bf4 c5 4. e3 Nc6 5. Nbd2 d5 6. c3 Bd6 7. Bg3 O-O 8. Bd3
Qe7 9. Ne5 Nd7 10. f4 f6 11. Nxd7 Bxd7 12. Qh5 g6 13. Qh6 b5 14. O-O b4 15. Nf3
bxc3 16. bxc3 Rab8 17. Rab1 Rxb1 18. Rxb1 Rb8 19. Rxb8+ Bxb8 20. Bh4 c4 21. Bc2
Qf7 22. e4 dxe4 23. Bxe4 Ne7 24. g4 Qg7 25. Qxg7+ Kxg7 26. Bg3 Nd5 27. Bxd5
exd5 28. f5 Bxg3 29. hxg3 gxf5 30. g5 Be8 31. Kf2 Bh5 32. gxf6+ Kxf6 33. Ne5 f4
34. gxf4 Kf5 35. Ke3 Be8 36. Nf3 h5 37. Ng5 h4 38. Nh3 Kg4 39. Nf2+ Kg3 40. f5
Bf7 41. Nh1+ Kg2 42. Nf2 h3 43. Ng4 Kg3 44. Nf2 h2 45. Nh1+ Kg2 46. f6 Bh5 47.
a3 a6 48. Nf2 a5 49. Nh1 a4 50. Nf2 h1=Q 51. Nxh1 Kxh1 52. Kf4 Kg2 53. Ke5 Bf7
54. Kd6 Kf3 55. Ke7 Bh5 56. f7 Bxf7 57. Kxf7 Ke3 58. Ke6 Kd3 59. Kxd5 Kxc3 60.
Ke4 Kb2 61. d5 c3 62. d6 c2 63. d7 c1=Q 64. d8=Q Qe1+ 65. Kf3 Qc3+ 66. Ke2 Kxa3
67. Qd6+ Kb2 68. Qb6+ Ka1 69. Qa7 a3 70. Kd1 a2 71. Qd7 Kb2 0-1

[Event "Budapest FS04 GM"]
[Site "Budapest"]
[Date "2007.04.11"]
[Round "5"]
[White "Caruana, Fabiano"]
[Black "Fodor, Tamas Jr"]
[Result "1-0"]
[WhiteElo "2523"]
[BlackElo "2426"]
[PlyCount "75"]
[EventDate "2007.04.07"]
[EventType "tourn"]
[EventRounds "9"]
[EventCountry "HUN"]
[EventCategory "9"]
[SourceTitle "CBM 117 Extra"]
[Source "ChessBase"]
[SourceDate "2007.05.09"]
[SourceVersion "1"]
[SourceVersionDate "2007.05.09"]
[SourceQuality "1"]

1. e4 e5 2. Bc4 Nf6 3. d3 c6 4. Nf3 d5 5. Bb3 Bd6 6. Nc3 Be6 7. Bg5 Bc7 8. d4
exd4 9. Nxd4 O-O 10. Qe2 h6 11. Bh4 Ba5 12. O-O g5 13. exd5 gxh4 14. Nxe6 fxe6
15. dxe6 Qe7 16. Rad1 Kg7 17. Ne4 Bc7 18. Nxf6 Rxf6 19. Rd3 a5 20. a4 b6 21.
Rfd1 Ra7 22. Kh1 Bf4 23. g3 hxg3 24. hxg3 Bg5 25. f4 Bxf4 26. gxf4 Rxf4 27.
Rg3+ Kh7 28. Qd3+ Kh8 29. Qg6 Qf8 30. Qg8+ Qxg8 31. Rxg8+ Kxg8 32. e7+ Kh7 33.
e8=Q Rg7 34. Qxb8 Rh4+ 35. Qh2 Rxh2+ 36. Kxh2 b5 37. Rd6 Rc7 38. Kg3 1-0

[Event "Budapest FS04 GM"]
[Site "Budapest"]
[Date "2007.04.12"]
[Round "6"]
[White "Kahn, Evarth"]
[Black "Caruana, Fabiano"]
[Result "0-1"]
[WhiteElo "2334"]
[BlackElo "2523"]
[PlyCount "106"]
[EventDate "2007.04.07"]
[EventType "tourn"]
[EventRounds "9"]
[EventCountry "HUN"]
[EventCategory "9"]
[SourceTitle "CBM 117 Extra"]
[Source "ChessBase"]
[SourceDate "2007.05.09"]
[SourceVersion "1"]
[SourceVersionDate "2007.05.09"]
[SourceQuality "1"]

1. Nf3 Nf6 2. g3 b5 3. Bg2 Bb7 4. d4 e6 5. O-O Be7 6. Nbd2 c5 7. dxc5 Bxc5 8.
Nb3 Be7 9. Nfd4 Bxg2 10. Kxg2 b4 11. Qd3 O-O 12. e4 a5 13. Bg5 d6 14. a3 bxa3
15. Rxa3 d5 16. Bxf6 Bxf6 17. Rfa1 Nd7 18. exd5 Ne5 19. Qb5 Rb8 20. Qxa5 Qd6
21. Ra4 Rbc8 22. Nd2 exd5 23. c3 Rb8 24. R1a2 Nd3 25. Qa6 Qxa6 26. Rxa6 Bxd4
27. cxd4 Nb4 28. b3 Nxa2 29. Rxa2 Rb4 30. Nf3 Rxb3 31. Ra5 Rd8 32. Ne5 Rb6 33.
Nd3 g6 34. Nf4 Rb4 35. Nxd5 Rxd4 36. Ne7+ Kg7 37. Nc6 R8d5 38. Nxd4 Rxa5 39. h4
Ra4 40. Ne2 Kf6 41. Kf3 Kf5 42. Kg2 f6 43. Kf3 Rb4 44. Kg2 h5 45. Kf3 g5 46.
hxg5 fxg5 47. Kg2 Ra4 48. Nc3 Rd4 49. Ne2 Rd3 50. Ng1 Kg4 51. Nh3 h4 52. Ng1
hxg3 53. f3+ Kh4 0-1

[Event "Budapest FS04 GM"]
[Site "Budapest"]
[Date "2007.04.14"]
[Round "8"]
[White "Caruana, Fabiano"]
[Black "Prohaszka, Peter"]
[Result "1-0"]
[WhiteElo "2523"]
[BlackElo "2443"]
[PlyCount "81"]
[EventDate "2007.04.07"]
[EventType "tourn"]
[EventRounds "9"]
[EventCountry "HUN"]
[EventCategory "9"]
[SourceTitle "CBM 117 Extra"]
[Source "ChessBase"]
[SourceDate "2007.05.09"]
[SourceVersion "1"]
[SourceVersionDate "2007.05.09"]
[SourceQuality "1"]

1. e4 c6 2. d4 d5 3. Nd2 dxe4 4. Nxe4 Nd7 5. Ng5 Ngf6 6. N1f3 e6 7. Bd3 Bd6 8.
Qe2 h6 9. Ne4 Nxe4 10. Qxe4 Qc7 11. Qg4 Kf8 12. O-O b6 13. Re1 c5 14. c3 Bb7
15. Qh3 c4 16. Be4 Bxe4 17. Rxe4 Qc6 18. Rh4 Rg8 19. Bf4 Ke7 20. Rd1 Bxf4 21.
Rxf4 Qd6 22. Qg3 Qd5 23. Re1 g5 24. Rfe4 Nf6 25. Re5 Qd7 26. Rf5 Qb7 27. Qe5
Nd7 28. Rxf7+ Kxf7 29. Qxe6+ Kg7 30. Qe7+ Kh8 31. Re6 Rg7 32. Rxh6+ Kg8 33.
Qe6+ Rf7 34. Rg6+ Kf8 35. Nxg5 Nf6 36. Nxf7 Re8 37. Qd6+ Qe7 38. Rxf6 Kg7 39.
Qe5 Qxf6 40. Qxe8 Qg6 41. h3 1-0

[Event "Porto Mannu op"]
[Site "Porto Mannu"]
[Date "2007.05.22"]
[Round "4"]
[White "Steingrimsson, Hedinn"]
[Black "Caruana, Fabiano"]
[Result "1-0"]
[WhiteElo "2482"]
[BlackElo "2523"]
[PlyCount "78"]
[EventDate "2007.05.19"]
[EventType "swiss"]
[EventRounds "9"]
[EventCountry "ITA"]
[SourceTitle "CBM 118 Extra"]
[Source "ChessBase"]
[SourceDate "2007.07.04"]
[SourceVersion "1"]
[SourceVersionDate "2007.07.04"]
[SourceQuality "1"]

1. d4 Nf6 2. c4 e6 3. Nf3 Nc6 4. a3 d6 5. Nc3 g6 6. e4 Bg7 7. h3 O-O 8. Bg5 h6
9. Be3 Re8 10. Bd3 Nd7 11. Be2 f5 12. d5 exd5 13. exf5 d4 14. Nxd4 Nc5 15. O-O
gxf5 16. Bh5 Rf8 17. f4 Kh7 18. Rb1 Bd7 19. b4 Ne6 20. Nxe6 Bxe6 21. Nd5 Qd7
22. Re1 Bf7 23. Bf3 Rae8 24. Qd3 Kh8 25. Bf2 Bg8 26. Bd4 Nd8 27. Be3 Ne6 28. g3
Qf7 29. Nc3 c6 30. Ne2 a5 31. Bg2 Qf6 32. Rbd1 Rd8 33. Bb6 Bf7 34. Qe3 Rd7 35.
b5 Qb2 36. c5 cxb5 37. Rd2 d5 38. Rxd5 Qb4 39. Rxf5 Re7 1-0

[Event "Porto Mannu op"]
[Site "Porto Mannu"]
[Date "2007.05.23"]
[Round "5"]
[White "Caruana, Fabiano"]
[Black "Locci, Damiano"]
[Result "1-0"]
[WhiteElo "2523"]
[BlackElo "2008"]
[PlyCount "105"]
[EventDate "2007.05.19"]
[EventType "swiss"]
[EventRounds "9"]
[EventCountry "ITA"]
[SourceTitle "CBM 118 Extra"]
[Source "ChessBase"]
[SourceDate "2007.07.04"]
[SourceVersion "1"]
[SourceVersionDate "2007.07.04"]
[SourceQuality "1"]

1. e4 e5 2. Nf3 Nc6 3. Bb5 a6 4. Ba4 d6 5. O-O Bd7 6. c3 Nge7 7. d4 Ng6 8. Re1
Be7 9. h3 O-O 10. Nbd2 Qc8 11. Bc2 b5 12. Nf1 Nh4 13. N1h2 Ng6 14. Be3 Na5 15.
b3 c5 16. Qd2 Nc6 17. Red1 Rd8 18. d5 Nb8 19. Nf1 f5 20. exf5 Bxf5 21. Bxf5
Qxf5 22. Ng3 Qf7 23. Ng5 Bxg5 24. Bxg5 Re8 25. Ne4 Qc7 26. h4 Rf8 27. h5 Nf4
28. h6 Qf7 29. Bxf4 exf4 30. f3 Qg6 31. hxg7 Kxg7 32. b4 Nd7 33. bxc5 dxc5 34.
d6 Rf5 35. c4 bxc4 36. Qb2+ c3 37. Qxc3+ Kf7 38. Qb3+ Qe6 39. Qb7 Rg8 40. Re1
Re5 41. Kf2 Qf5 42. Rh1 Rb8 43. Rxh7+ Qxh7 44. Qxd7+ Kg6 45. Qg4+ Kf7 46. Re1
Rb2+ 47. Kg1 Qg6 48. Qh3 Rd2 49. Rb1 Rxd6 50. Nxd6+ Qxd6 51. Qh7+ Kf6 52. Qh6+
Ke7 53. Rb7+ 1-0

[Event "Porto Mannu op"]
[Site "Porto Mannu"]
[Date "2007.05.24"]
[Round "7"]
[White "Caruana, Fabiano"]
[Black "Diotallevi, Maurizio"]
[Result "1-0"]
[WhiteElo "2523"]
[BlackElo "2137"]
[PlyCount "43"]
[EventDate "2007.05.19"]
[EventType "swiss"]
[EventRounds "9"]
[EventCountry "ITA"]
[SourceTitle "CBM 118 Extra"]
[Source "ChessBase"]
[SourceDate "2007.07.04"]
[SourceVersion "1"]
[SourceVersionDate "2007.07.04"]
[SourceQuality "1"]

1. e4 e6 2. d4 d5 3. Nc3 Nf6 4. Bg5 dxe4 5. Nxe4 Nbd7 6. Nxf6+ Nxf6 7. Nf3 h6
8. Bh4 c5 9. c3 cxd4 10. Nxd4 a6 11. Bd3 Be7 12. O-O O-O 13. Qe2 Qc7 14. Bc2
Nd5 15. Qd3 g6 16. Bg3 Bd6 17. Bb3 Nf4 18. Qe3 Kg7 19. Rad1 e5 20. Nf3 Bg4 21.
Bxf4 Bxf3 22. Bxh6+ 1-0

[Event "Porto Mannu op"]
[Site "Porto Mannu"]
[Date "2007.05.25"]
[Round "8"]
[White "Godena, Michele"]
[Black "Caruana, Fabiano"]
[Result "0-1"]
[WhiteElo "2558"]
[BlackElo "2523"]
[PlyCount "106"]
[EventDate "2007.05.19"]
[EventType "swiss"]
[EventRounds "9"]
[EventCountry "ITA"]
[SourceTitle "CBM 118 Extra"]
[Source "ChessBase"]
[SourceDate "2007.07.04"]
[SourceVersion "1"]
[SourceVersionDate "2007.07.04"]
[SourceQuality "1"]

1. e4 c5 2. Nf3 e6 3. c3 Nf6 4. e5 Nd5 5. Bc4 d6 6. d4 cxd4 7. cxd4 Nb6 8. Bd3
dxe5 9. dxe5 Na6 10. Qe2 Nd5 11. Bc2 Nc5 12. O-O Bd7 13. Na3 Be7 14. Bd2 Qb6
15. Nc4 Qa6 16. Nd6+ Bxd6 17. Qxa6 Nxa6 18. exd6 Bc6 19. Rac1 Rd8 20. Rfd1 Rxd6
21. Be3 b6 22. Ne5 Bb7 23. Bf4 Rd8 24. Ba4+ Ke7 25. Bg3 Rc8 26. Bc6 Ba8 27. Bb5
Nc5 28. f3 Rhd8 29. Bf2 f6 30. Nc4 Rc7 31. Bg3 e5 32. Bf2 Rdc8 33. b4 Ne6 34.
Ba6 Rd8 35. a3 Ndf4 36. Rxd8 Nxd8 37. Rd1 Nde6 38. Nd6 g6 39. Nb5 Rc2 40. Nxa7
Bxf3 41. Nc8+ Rxc8 42. gxf3 Rc2 43. Kf1 Rc3 44. Bb7 b5 45. a4 bxa4 46. b5 a3
47. b6 Rb3 48. Ra1 Nd4 49. Be4 f5 50. Bxd4 exd4 51. Bc2 Rxb6 52. Rxa3 Rb2 53.
Ra7+ Kf6 0-1

[Event "Porto Mannu op"]
[Site "Porto Mannu"]
[Date "2007.05.26"]
[Round "9"]
[White "Caruana, Fabiano"]
[Black "Shytaj, Luca"]
[Result "1-0"]
[WhiteElo "2523"]
[BlackElo "2451"]
[PlyCount "91"]
[EventDate "2007.05.19"]
[EventType "swiss"]
[EventRounds "9"]
[EventCountry "ITA"]
[SourceTitle "CBM 118 Extra"]
[Source "ChessBase"]
[SourceDate "2007.07.04"]
[SourceVersion "1"]
[SourceVersionDate "2007.07.04"]
[SourceQuality "1"]

1. e4 c5 2. Nf3 Nf6 3. e5 Nd5 4. d4 cxd4 5. Qxd4 e6 6. Bc4 Nc6 7. Qe4 f5 8. Qe2
Nde7 9. O-O Qc7 10. Re1 Ng6 11. h4 Rg8 12. Bb5 a6 13. Bxc6 Qxc6 14. c4 b6 15.
h5 Nh8 16. Nd4 Qc7 17. Nc3 Bb7 18. Bf4 Bc5 19. Rad1 g5 20. Bh2 O-O-O 21. a3
Bxd4 22. Rxd4 Qc6 23. Qf1 Nf7 24. b4 f4 25. Ne4 d6 26. exd6 Nxd6 27. Nf6 Nf5
28. Rde4 Rgf8 29. Rxe6 Rd6 30. Rxd6 Qxd6 31. Nxh7 Rh8 32. c5 Qh6 33. c6 Bxc6
34. Qxa6+ Bb7 35. Qc4+ Kb8 36. Nxg5 Qxh5 37. Qxf4+ Ka8 38. b5 Nd4 39. f3 Nxb5
40. Re5 Nc3 41. Nf7 Rf8 42. Rxh5 Ne2+ 43. Kf2 Nxf4 44. Bxf4 Rxf7 45. Be3 Rf6
46. Rh6 1-0